Szczegóły MARC21

Rozwój działalności bancassurance ze szczególnym uwzględnieniem Polski /

003 -Nazwa inst., której nr kontr. jest w polu 001 [,]
    • @
    • Nazwa instytucji, której n kontrolny jest w polu 001
    • NUKAT
005 -DATA I CZAS OSTATNIEJ MODYFIKACJI [,]
    • @
    • pole kontrolne
    • 20241231114136.0
020 -Międzynarod. znormalizowany nr książki - ISBN [ , ]
    • a
    • Numer ISBN
    • 9788392317173 Find
040 -Instytucja sporządzająca opis [ , ]
    • a
    • Instytucja, która sporządziła opis (NP)
    • KR 93/BL
    • c
    • Instytucja, która sporządziła rekord (NP)
    • KR 93/BL
    • d
    • Instytucja, która zmodyfikowała rekord (P)
    • KR 93/MN
    • d
    • Instytucja, która zmodyfikowała rekord (P)
    • KR U/ynk
    • d
    • Instytucja, która zmodyfikowała rekord (P)
    • WA U/DNs
    • d
    • Instytucja, która zmodyfikowała rekord (P)
    • KR 93/MSs
041 -Język dokumentu [0, ]
    • a
    • Język tekstu (P)
    • polski
    • b
    • Język streszczeń lub abstraktu (P)
    • angielski
942 -Rodzaj dokumentu [ , ]
    • c
    • Rodzaj dokumentu
    • Książka
100 -Hasło główne - nazwa osobowa [1, ]
    • a
    • Nazwa osobowa (NP)
    • Gulbinowicz, Anna.
    • 9
    • KHW
    • 45416
245 -Strefa tytułu i oznaczenia odpowiedzialności [1,0]
    • a
    • Tytuł
    • Rozwój działalności bancassurance ze szczególnym uwzględnieniem Polski / Find
    • c
    • Pozostałe elementy strefy tytułu i oznaczenia odpowiedzialności (NP)
    • Anna Gulbinowicz ; Uniwersytet Gdański.
260 -Strefa adresu wydawniczego [ , ]
    • a
    • Miejsce wydania (P)
    • Warszawa :
    • b
    • Nazwa wydawcy (P)
    • Fundacja WARTY i Kredyt Banku "Razem możemy więcej",
    • c
    • Data wydania (P)
    • 2007.
300 -Strefa opisu fizycznego [ , ]
    • a
    • Określenie formy książki i/lub objętość (NP)
    • 134 s. :
    • b
    • Oznaczenie ilustracji (NP)
    • il. ;
    • c
    • Format (NP)
    • 24 cm.
336 -Typ zawartości [ , ]
    • a
    • Termin opisujący typ zawartości
    • Tekst
    • b
    • Kod określający zawartość
    • txt
    • 2
    • Źródło (terminu i kodu)
    • rdacontent
337 -Typ mediów [ , ]
    • a
    • Tryb odtwarzania
    • Bez urządzenia pośredniczącego
    • b
    • Kod typu mediów
    • n
    • 2
    • Źródło (terminu i kodu)
    • rdamedia
338 -Typ/rodzaj nośnika [ , ]
    • a
    • Hasło opisujące typ nośnika
    • Wolumin
    • b
    • Kod typu nośnika
    • nc
    • 2
    • Źródło (terminu i kodu)
    • rdacarrier
500 -Uwaga ogólna [ , ]
    • a
    • Uwaga ogólna (NP)
    • Praca magisterska.
504 -Uwaga dot. bibliogr. załącznikowej [ , ]
    • a
    • Uwaga dot. bibliografii załącznikowej
    • Bibliogr. s. 123-134.
546 -Uwaga dot. języka [ , ]
    • a
    • Uwaga dot. języka
    • Streszcz. ang.
586 -Uwaga dot. nagrody [8, ]
    • a
    • Uwaga dot. nagrody
    • Praca nagrodzona w IX edycji konkursu Kredyt Banku S. A. i Towarzystwa Ubezpieczeń i Reasekuracji WARTA S.A. na najlepsze prace magisterskie i doktorskie z dziedziny ubezpieczeń bankowości i bancassurance
080 -Uniwersalna Klasyfikacja Dziesiętna [ , ]
    • 2
    • Identyfikator wydania tablic
    • UDC-P058
    • 9
    • UKD
    • 3165
    • a
    • Symbol klasyfikacji
    • 336.71
    • b
    • Dopowiedzenie
    • Bankowość. Banki.
    • 4
    • UKD2
    • 7642
    • x
    • Poddział wspólny
    • (438)
    • c
    • Dopowiedzenie poddz. wspólnego
    • (Polska).
    • 4
    • UKD2
    • 8143
    • x
    • Poddział wspólny
    • (100)
    • c
    • Dopowiedzenie poddz. wspólnego
    • (Aspekt międzynarodowy. Wszystkie kraje. Świat).
    • 4
    • UKD2
    • 7992
    • x
    • Poddział wspólny
    • "1989/..."
    • c
    • Dopowiedzenie poddz. wspólnego
    • Od 1989.
    • 4
    • UKD2
    • 8288
    • x
    • Poddział wspólny
    • (043)
    • c
    • Dopowiedzenie poddz. wspólnego
    • (Prace dyplomowe. Rozprawy doktorskie. Dysertacje).
080 -Uniwersalna Klasyfikacja Dziesiętna [ , ]
    • 2
    • Identyfikator wydania tablic
    • UDC-P058
    • 9
    • UKD
    • 3798
    • a
    • Symbol klasyfikacji
    • 368.02
    • b
    • Dopowiedzenie
    • Techniki i metody ubezpieczeń. Umowy ubezpieczeniowe. Polisy. Maklerzy (brokerzy) ubezpieczeniowi. Rynek ubezpieczeniowy. Składki. Premie ubezpieczeniowe.
    • 4
    • UKD2
    • 7642
    • x
    • Poddział wspólny
    • (438)
    • c
    • Dopowiedzenie poddz. wspólnego
    • (Polska).
    • 4
    • UKD2
    • 8143
    • x
    • Poddział wspólny
    • (100)
    • c
    • Dopowiedzenie poddz. wspólnego
    • (Aspekt międzynarodowy. Wszystkie kraje. Świat).
    • 4
    • UKD2
    • 7992
    • x
    • Poddział wspólny
    • "1989/..."
    • c
    • Dopowiedzenie poddz. wspólnego
    • Od 1989.
    • 4
    • UKD2
    • 8288
    • x
    • Poddział wspólny
    • (043)
    • c
    • Dopowiedzenie poddz. wspólnego
    • (Prace dyplomowe. Rozprawy doktorskie. Dysertacje).
080 -Uniwersalna Klasyfikacja Dziesiętna [ , ]
    • 2
    • Identyfikator wydania tablic
    • UDC-P058
    • 9
    • UKD
    • 3800
    • a
    • Symbol klasyfikacji
    • 368.03
    • b
    • Dopowiedzenie
    • Firmy (towarzystwa) ubezpieczeniowe. Prywatne i państwowe firmy ubezpieczeniowe. PZU. Interwencja państwa w ubezpieczenia dobrowolne.
    • 4
    • UKD2
    • 7642
    • x
    • Poddział wspólny
    • (438)
    • c
    • Dopowiedzenie poddz. wspólnego
    • (Polska).
    • 4
    • UKD2
    • 8143
    • x
    • Poddział wspólny
    • (100)
    • c
    • Dopowiedzenie poddz. wspólnego
    • (Aspekt międzynarodowy. Wszystkie kraje. Świat).
    • 4
    • UKD2
    • 7992
    • x
    • Poddział wspólny
    • "1989/..."
    • c
    • Dopowiedzenie poddz. wspólnego
    • Od 1989.
    • 4
    • UKD2
    • 8288
    • x
    • Poddział wspólny
    • (043)
    • c
    • Dopowiedzenie poddz. wspólnego
    • (Prace dyplomowe. Rozprawy doktorskie. Dysertacje).
650 -Hasło przedmiotowe [ ,7]
    • a
    • Hasło przedmiotowe
    • Bancassurance
    • z
    • Określnik geograficzny
    • Polska
    • v
    • Określnik formalny
    • rozprawy akademickie.
    • 2
    • Źródło terminu
    • kaba
    • 9
    • KHW
    • 368316
650 -Hasło przedmiotowe [ ,7]
    • a
    • Hasło przedmiotowe
    • Bancassurance
    • v
    • Określnik formalny
    • rozprawy akademickie.
    • 2
    • Źródło terminu
    • kaba
    • 9
    • KHW
    • 368317
980 -Symbol UKD [ , ]
    • a
    • UKD
    • 336.71:368.02/.03](438)(100)"1989/..."(043)
920 -ISBN [ , ]
    • a
    • ISBN
    • 978-83-923171-7-3 Find
Status udost. Numer inwentarzowy Lokalizacja Data inwentaryzacji
-2E.71656BE2008-12-29